00406nam a22001457a 4500999001700000082001400017100001400031245006500045260004400110650002000154650001500174700001600189856004800205942000700253 c53985d53982 a621.81MOD aModi, P.N aHydraulics and Fluid Mechanics Including Hydraulics Machines aNew Delhi:bStandard Book House,c2011. aFluid Mechanics aHydraulics aSeth, S.M.  uhttp://10.10.170.122:8080/browse/book/20643 cBK